00657nam a2200169 a 4500008004100000020001500041050001500056100001800071245006800089260004000157300002000197350000900217650001900226995009400245999001700339952013100356120416s1981 ||||||||||||||||| || u a0471053007 aTJ 265 Tod aTodd, James P13aAn introduction to thermodynamics for engineering technologists aNew YorkbJohn Wiley and Sonsc1981 ax, 469p. : ill. a0.00 aTHERMODYNAMICS D0.00FCBU-MAIN LIBRARY (Kitwe)H1I28.95M1UDAMAGEDZMain Library Open Access Collection c48076d48076 00102lcc4070a001b001cMain Library Open Access Collectiond2022-11-30l0oTJ 265 Todp017766r2022-11-30w2022-11-30y002